LIBRARY & INFORMATION CENTRE, KCAET, TAVANUR

ONLINE PUBLIC ACCESS CATALOGUE (OPAC)

E M Forster / (Record no. 4182)

MARC details
000 -LEADER
fixed length control field 00375cam a2200157ua 4500
041 ## - LANGUAGE CODE
Language code of text/sound track or separate title eng
082 ## - DEWEY DECIMAL CLASSIFICATION NUMBER
Classification number 828.09
Item number TRI/EM
100 ## - MAIN ENTRY--AUTHOR NAME
Personal name Trilling, Cionel .
245 ## - TITLE STATEMENT
Title E M Forster /
260 ## - PUBLICATION, DISTRIBUTION, ETC. (IMPRINT)
Place of publication London :
Name of publisher Hogarth press ,
Year of publication 1967.
300 ## - PHYSICAL DESCRIPTION
Number of Pages 164 ; .
942 ## - ADDED ENTRY ELEMENTS (KOHA)
Koha item type Books
Holdings
Withdrawn status Lost status Damaged status Home library Current library Date acquired Full call number Accession Number Koha item type Cost, normal purchase price Public note
Withdrawn     KAUAET Central Prison Tavanur 07/04/2012 828.09 7030 Books 10.60 Transferred to Central Prison
Withdrawn     KAUAET Sanskrit University 07/04/2012 828.09 12120 Books    
free website counter